000 01193nam a22002897a 4500
001 BD-DhSAU 8665
003 BD-DhSAU
005 20181217155813.0
008 150613b2015 bg a|||| m||| 00| 0 eng d
040 _aBD-DhSAU
082 _222
_a595.7
_bB5759
100 _aBhuiyan,Mst. Afrin Akter
_4Regis. no. 14-06354
245 _aLife cycle of ladybird beetle (Rodolia sp.) and its predation efficiency on Mango Mealbug (Drosicha mangiferae)/
_cMst. Afrin Akter Bhuiyan
_bMs Thesis
260 _aSher-e-Bangla Agricultural University :
_bDepartment of Entomology,
_c2015.
300 _avii , 57 p. :
_bill. ;
_c30 cm.
500 _aMS thesis of Department of Entomology, Faculty of Agriculture, Sher-e-Bangla Agricultural University, Dhaka, Bangladesh
504 _aIncludes bibliographical references.
590 _akamim
650 _aEntomology
650 _aLife cycle of ladybird beetle
650 _a predation efficiency
650 _aMango Mealbug
700 _aBanu, Mst. Nur Mohal Akhter
_eSuperviser
700 _aLatif, Md. Abdul
_eCo-superviser
856 _uhttp://archive.saulibrary.edu.bd:8080/xmlui/handle/123456789/1531
942 _2ddc
_cTHESIS
999 _c13894
_d13893